| 000 | 00913nam a2200181 a 4500 | ||
|---|---|---|---|
| 001 | 000041581 | ||
| 005 | 20201002035641.0 | ||
| 008 | 131011s1999 sp 000 0 spa d | ||
| 020 | _a8400078586 | ||
| 040 |
_aDO-SdBNP _bspa _cBNPHU |
||
| 082 |
_axxx _bL776p |
||
| 245 | 0 | 0 |
_aLiteratura y Pensamiento en América Latina / _cJ. Raúl Navarro García, coord. |
| 260 |
_aSevilla : _bEscuela de Estudios Hispano-Americanos, Consejo Superior de Investigaciones Científicas, _c1999. |
||
| 300 |
_a204 p. ; _c24 cm. |
||
| 500 | _aLa Escuela de Estudios Hispanoamericanos (CSIC) consciente de esta realidad, se comprometió a organizar el V Encuentro de Latinoamericanistas Españoles, que se celebró en su sede sevillana de la calle Alfonso XII hace ya cuatro años"--P. [11]. | ||
| 500 | _aIncluye referencias bibliográficas y notas al pie de las páginas. | ||
| 700 | 1 |
_aNavarro García, Jesús Raúl. _epról. _917794 |
|
| 999 |
_c41071 _d41071 |
||